000
00313nam a2200109Ia 4500
008
171211s9999 xx 000 0 und d
245
_a
Realizing Tomorrow: The Path to Private Spaceflight
245
_c
Chris Dubbs
260
_c
2011
650
_x
ASTRONOMY
856
_u
http://down.ebook777.com/064/0803216106.pdf
999
_c
349396
_d
349396